000 00215 a2200097 4500
001 10035
100 _aStamp, L.D.
245 _aIntermediate commercial geography, An.
260 _a
_bGreen
_c
090 _c7790
_d7790
942 _aNUST-CAE
_cM
_c34478
999 _c245108
_d245108